El combate perpetuo /

Guardado en:
Autor Principal: Aguinis, Marcos
Formato: Libro
Publicado: Buenos Aires : Sudamericana, 1981
Materias:
Etiquetas: Agregar Etiqueta
Sin Etiquetas, Sea el primero en etiquetar este registro!
LEADER 00615nam a22002175a 4500
001 CEM.cems000334
005 20061025145139.0
008 130507s1981##################000#0#####d
003 CEMS
020 |a 9503700868 
082 0 4 |a A863.4 
100 1 |a Aguinis, Marcos 
245 1 0 |a El combate perpetuo /  |c Marcos Aguinis 
260 |a Buenos Aires :  |b Sudamericana,  |c 1981 
300 |a 185 p. 
653 |a Brown, guillermo-biografía 
653 |a Literatura 
653 |a Literatura argentina 
653 |a Novela argentina-siglo 20 
653 |a Novelas 
859 |a CEMS  |b BIB. CEMS - 11 de abril  |h A863.4  |i AG93-1  |p 13381.85  |t Ej.1